00752nam a2200241 a 4500001001300000003000900013005001700022008004100039020002300080082002100103100002000124245006800144260004700212300000900259500003500268505001000303650002500313700002000338902000800358942000700366952012200373999001500495nice12345678IN_TiNIC20260116012256.0050524s1979 newa grp 000 0 eng  a0815614 c88200a301.1610953bRUG aRugh, William A aArab Pressb News Media and Political Process in the Arab World aNew YorkbSyracuse University Press c1979 a205p aincludes index and biblioraphy2 aIndex aPress-Arab Countries1 aRugh, William A bSRS cBK 001040708StackRoom-aHMIbHMId2007-08-01g882.00l0o301.1610953 RUGp014986r2007-08-01v882.00w2005-05-24yBK c6348d6348